Πλουσιότεροι Νομοί της Ελλάδας - Statistics

General Stats
  • This quiz has been taken 39 times
  • The average score is 3 of 10
Answer Stats
€/κάτοικο Νομός % Correct
23.275 Αττική
100%
22.712 Κυκλάδες
44%
17.162 Δωδεκάνησα
41%
16.211 Κέρκυρα
34%
22.933 Βοιωτία
25%
19.550 Ζάκυνθος
22%
17.228 Κεφαλληνία
22%
16.860 Αρκαδία
22%
18.079 Φλώρινα
13%
18.313 Κοζάνη
9%
No matching quizzes found
Score Distribution
Percent of People with Each Score
Percentile by Number Answered
Your Score History
You have not taken this quiz